000 00426nam a2200181Ia 4500
001 1779
008 140313s9999 xx 000 0 und d
020 _a1873981988
040 _cPK-LaUMT
082 _a 657.076
_bLUC-Q
100 _aT.Lucey
245 _aQuantitative techniques
_cT.Lucey
250 _a4th
260 _aLondon,UK:
_bEnglish Language Book Society,
_c1992
300 _a531 p.
546 _aEN
942 _cBK
999 _c2089
_d2089